Prechody do dospelosti na Slovensku v priestorovej perspektíve podľa sčítania obyvateľov 1991 a 2011

Charakter reprodukcie a rodinného správania ovplyvnené zmenami v časovaní prechodov k manželstvu a rodičovstvu. Vnímanie týchto posunov ako súčasti celého komplexu zmien v životných dráhach mladých dospelých. Analýza časovania hlavných prechodov do dospelosti u žien v SR v regionálnom pohľade. Prech...

Ausführliche Beschreibung

Gespeichert in:
Bibliographische Detailangaben
1. Verfasser: Šprocha, Branislav
Format: Buchkapitel
Sprache:Slowakisch
Schlagworte:
Tags: Tag hinzufügen
Keine Tags, Fügen Sie das erste Tag hinzu!

MARC

LEADER 00000naa a2200000 4500
001 0246686
005 20180731104410.5
041 0 |a slo 
044 |a SK 
245 1 0 |a Prechody do dospelosti na Slovensku v priestorovej perspektíve podľa sčítania obyvateľov 1991 a 2011  |c Branislav Šprocha 
520 |a Charakter reprodukcie a rodinného správania ovplyvnené zmenami v časovaní prechodov k manželstvu a rodičovstvu. Vnímanie týchto posunov ako súčasti celého komplexu zmien v životných dráhach mladých dospelých. Analýza časovania hlavných prechodov do dospelosti u žien v SR v regionálnom pohľade. Prechody do dospelosti v meniacich sa podmienkach po roku 1989. Ukončenie vzdelanostných dráh. Prechod na trh práce. Prechod k vlastnej domácnosti. Prechod k manželstvu. Prechod k materstvu a rodičovstvu. 
610 2 0 |a demografia 
610 2 0 |a ženy 
610 2 0 |a rodina 
610 2 0 |a deti 
610 2 0 |a vzdelanie 
610 2 0 |a trh práce 
610 2 0 |a zamestnanie 
610 2 0 |a štatistika 
610 2 0 |a regióny 
610 2 0 |a Slovensko 
100 1 |a Šprocha, Branislav